[Event "4th Lost Boys tournament, Group A"]
[Site "Antwerp"]
[Date "1997.08.02"]
[Round "2"]
[White "Delemarre, Jop"]
[Black "De Wachter, Matthias"]
[Result "1-0"]
[WhiteElo "2395"]
[BlackElo "2175"]
[WhiteTitle "IM"]
[Source "365chess.com"]
[Board "16"]

1. d4 Nf6 2. Nf3 e6 3. c4 Bb4+ 4. Bd2 Qe7 5. g3 Nc6 6. Nc3 O-O 7. Bg2 Bxc3
8. Bxc3 Ne4 9. Rc1 d6 10. d5 Nd8 11. dxe6 Nxe6 12. Bb4 a5 13. Ba3 f5 14. O-O b6
15. b3 Bb7 16. Bb2 Rae8 17. a3 f4 18. b4 fxg3 19. hxg3 N6g5 20. Nxg5 Qxg5 21. c5
Kh8 22. cxd6 Nxg3 23. fxg3 Qxg3 24. e4 Bxe4 25. Qe2 Rxf1+ 26. Rxf1 Qxg2+
27. Qxg2 Bxg2 28. d7 Rd8 29. Rf7 Bc6 30. Rxg7 h5 31. Bf6 1-0

[Event "4th Lost Boys tournament, Group A"]
[Site "Antwerp"]
[Date "1997.08.02"]
[Round "2"]
[White "Pel, Bonno"]
[Black "Giddins, Steve"]
[Result "1-0"]
[WhiteElo "2150"]
[BlackElo "2375"]
[BlackTitle "FM"]
[Source "http://www.lostcity.nl/chess/antwerp97/games.html"]
[Board "17"]

1. Nc3 d5 2. e4 e6 3. d4 Bb4 4. Ne2 dxe4 5. a3 Bxc3+ 6. Nxc3 Nc6 7. Bb5 Ne7
8. Bg5 f6 9. Be3 O-O 10. Qd2 f5 11. O-O-O a6 12. Bc4 Nd5 13. Ne2 Qd6 14. Bf4 Qd7
15. f3 exf3 16. gxf3 b5 17. Bb3 a5 18. Rhg1 a4 19. Bxd5 exd5 20. Bh6 Rf7
21. Bxg7 Rxg7 22. Rxg7+ Kxg7 23. Rg1+ Kf7 24. Qh6 Ne7 25. Qg7+ Ke8 26. Qh8+ Kf7
27. Qxh7+ Ke8 28. Qh8+ 1-0

[Event "4th Lost Boys tournament, Group A"]
[Site "Antwerp"]
[Date "1997.08.03"]
[Round "3"]
[White "Gurevich, Mikhail Naumovich"]
[Black "Delemarre, Jop"]
[Result "1-0"]
[WhiteElo "2620"]
[BlackElo "2395"]
[WhiteTitle "GM"]
[BlackTitle "IM"]
[Source "http://www.lostcity.nl/chess/antwerp97/games.html"]
[Board "2"]

1. d4 d5 2. c4 c6 3. e3 Bf5 4. Qb3 Qc7 5. cxd5 cxd5 6. Nc3 e6 7. Bd2 Nc6 8. Rc1
Nf6 9. Nf3 Be7 10. Be2 O-O 11. O-O Nd7 12. a3 Rfc8 13. Na4 Rab8 14. Bb4 b5
15. Nc5 Bxc5 16. Bxc5 Na5 17. Qa2 Bg4 18. h3 Bxf3 19. Bxf3 Nc4 20. Bb4 a5
21. Be1 Qd6 22. Be2 Ra8 23. Ra1 Qb6 24. b3 Nd6 25. Bd3 g6 26. Qe2 Rc6 27. Bd2
Rac8 28. Rfb1 Ne4 29. Be1 b4 30. axb4 axb4 31. Ra6 Qb8 32. Rxc6 Rxc6 33. Bb5 Rc7
34. Bxb4 Rb7 35. Bxd7 Rxb4 36. Qc2 Kg7 37. Ba4 h5 38. Rc1 Qd8 39. Qc7 Qh4
40. Rc2 Qf6 41. f3 Ng5 42. Kf2 Qf5 43. Rc1 Ne4+ 44. Ke2 Nf6 45. h4 g5 46. Kd2 g4
47. Kc3 Rxa4 1-0

[Event "4th Lost Boys tournament, Group A"]
[Site "Antwerp"]
[Date "1997.08.03"]
[Round "3"]
[White "Jonkman, Harmen"]
[Black "Avrukh, Boris Leonidovich"]
[Result "0-1"]
[WhiteElo "2365"]
[BlackElo "2550"]
[WhiteTitle "FM"]
[BlackTitle "GM"]
[Source "http://www.lostcity.nl/chess/antwerp97/games.html"]
[Board "4"]

1. e4 c5 2. c3 d5 3. exd5 Qxd5 4. d4 Nf6 5. Nf3 Bg4 6. Nbd2 Nc6 7. Bc4 Bxf3
8. gxf3 Qf5 9. Qb3 O-O-O 10. Bxf7 Nd5 11. Bxd5 Rxd5 12. Ne4 e6 13. Ng3 Qxf3
14. c4 Nxd4 15. Qxf3 Nxf3+ 16. Ke2 Nd4+ 17. Kf1 Rd7 18. Bf4 Rf7 19. Bd2 Be7
20. Ne4 Rhf8 21. Rd1 Rf5 22. Kg2 Nf3 23. Rhf1 Rh5 24. h3 Rh4 25. Nc3 Rxc4
26. Be3 a6 27. Rc1 Nh4+ 28. Kg1 Nf5 29. b3 Nxe3 30. Rfe1 Rxc3 31. Rxc3 Nd5
32. Rg3 Bh4 33. Rg2 Nf4 34. Rh2 Rd8 0-1

[Event "4th Lost Boys tournament, Group A"]
[Site "Antwerp"]
[Date "1997.08.03"]
[Round "3"]
[White "Lobron, Eric"]
[Black "Hendriks, Willy"]
[Result "1-0"]
[WhiteElo "2540"]
[BlackElo "2360"]
[WhiteTitle "GM"]
[Source "http://www.lostcity.nl/chess/antwerp97/games.html"]
[Board "5"]

1. d4 Nf6 2. Nf3 g6 3. c4 c5 4. Nc3 cxd4 5. Nxd4 Bg7 6. g3 O-O 7. Bg2 Nc6
8. O-O Nxd4 9. Qxd4 d6 10. Qd3 Qa5 11. h3 Be6 12. Bd2 Qc7 13. b3 a6 14. Rac1
Rab8 15. Nd5 Qd8 16. Nf4 Bd7 17. Rfd1 Bc6 18. Nd5 Qd7 19. Rc2 Rfe8 20. Bg5 Nxd5
21. cxd5 Bb5 22. Qd2 Bf6 23. Be3 a5 24. Qxa5 Ra8 25. Qb4 Ba6 26. Rdc1 h5 27. g4
hxg4 28. hxg4 Rec8 29. g5 Be5 30. Qh4 Rxc2 31. Rxc2 Qb5 32. Bf3 b6 33. Rc7 Qa5
34. a4 Qe1+ 35. Kg2 Bxe2 36. Bxe2 Qxe2 37. Qc4 Qh5 38. Rc8+ Rxc8 39. Qxc8+ Kg7
40. Qc4 f5 41. gxf6+ Kxf6 42. Qe4 Qh2+ 43. Kf1 Qh5 44. f4 Qh3+ 45. Ke2 Bc3
46. Bxb6 Qh2+ 47. Kd3 1-0

[Event "4th Lost Boys tournament, Group A"]
[Site "Antwerp"]
[Date "1997.08.03"]
[Round "3"]
[White "Georgiev, Kiril Dimitrov"]
[Black "Pel, Bonno"]
[Result "1-0"]
[WhiteElo "2670"]
[BlackElo "2150"]
[WhiteTitle "GM"]
[Source "http://www.lostcity.nl/chess/antwerp97/games.html"]
[Board "8"]

1. e4 d6 2. d4 Nf6 3. Nc3 g6 4. g3 Bg7 5. Bg2 O-O 6. Nge2 Nc6 7. d5 Nb4 8. a3
Na6 9. O-O c6 10. h3 Bd7 11. Be3 Qc7 12. Qd2 Rfe8 13. Rad1 Rac8 14. Rfe1 cxd5
15. exd5 Nc5 16. Nd4 a6 17. Re2 e5 18. dxe6 fxe6 19. Bg5 Rcd8 20. b4 Bc8 21. Qe1
h6 22. Bxf6 Bxf6 23. Nd5 1-0

[Event "4th Lost Boys tournament, Group A"]
[Site "Antwerp"]
[Date "1997.08.03"]
[Round "3"]
[White "Duchovny, Eduard"]
[Black "Ree, Hans"]
[Result "0-1"]
[WhiteElo "2345"]
[BlackElo "2435"]
[WhiteTitle "FM"]
[BlackTitle "GM"]
[Source "365chess.com"]
[Board "10"]

1. e4 g6 2. d4 Bg7 3. c3 d6 4. Nf3 Nf6 5. e5 dxe5 6. Nxe5 O-O 7. Be2 Nbd7
8. O-O Nxe5 9. dxe5 Nd5 10. Qb3 c6 11. c4 Nb6 12. f4 Be6 13. Be3 Qc7 14. Nd2 f6
15. exf6 exf6 16. Ne4 Rfe8 17. Rad1 Rad8 18. Rxd8 Rxd8 19. Nc5 Bf7 20. f5 Re8
21. Rf3 gxf5 22. Rxf5 Qe7 23. Kf2 Bg6 24. Rf4 Bh6 25. Rf3 Bxe3+ 26. Qxe3 Qd6
27. Nxb7 Qc7 28. Qf4 Qxb7 29. Qxf6 Qe7 30. Qxe7 Rxe7 31. Ra3 Kf7 32. Ra6 Be4
33. Ra5 Kf6 34. g3 Nc8 35. Ra3 Rb7 36. Re3 Bb1 37. Ra3 Rxb2 38. Rf3+ Kg7 39. Ke1
Rxa2 40. Rb3 0-1

[Event "4th Lost Boys tournament, Group A"]
[Site "Antwerp"]
[Date "1997.08.03"]
[Round "3"]
[White "Röder, Mathias"]
[Black "Zak, Uriel"]
[Result "1/2-1/2"]
[WhiteElo "2435"]
[BlackElo "2330"]
[WhiteTitle "IM"]
[BlackTitle "IM"]
[Source "365chess.com"]
[Board "11"]

1. d4 d5 2. c4 c6 3. Nc3 Nf6 4. e3 e6 5. Nf3 Nbd7 6. Qc2 Bd6 7. Bd3 O-O 8. O-O
Qe7 9. c5 Bc7 10. e4 dxe4 11. Nxe4 Nxe4 12. Bxe4 Nf6 13. Re1 Rd8 14. a4 Nxe4
15. Qxe4 Rd5 16. Bf4 b6 17. b4 a5 18. Bxc7 Qxc7 19. b5 Bb7 20. bxc6 Bxc6 1/2-1/2

[Event "4th Lost Boys tournament, Group A"]
[Site "Antwerp"]
[Date "1997.08.03"]
[Round "3"]
[White "Peek, Marcel"]
[Black "Bosboom, Manuel"]
[Result "0-1"]
[WhiteElo "2335"]
[BlackElo "2430"]
[WhiteTitle "FM"]
[BlackTitle "IM"]
[Source "365chess.com"]
[Board "12"]

1. d4 g6 2. e4 d5 3. exd5 Qxd5 4. Nc3 Qd8 5. Nf3 Bg7 6. Bc4 Nh6 7. Bf4 Nf5
8. Be5 f6 9. Bg3 Nc6 10. Ne2 Nd6 11. Bb3 Na5 12. c3 Nxb3 13. Qxb3 Bg4 14. Nf4 g5
15. Ne6 Bxe6 16. Qxe6 Qd7 17. Qb3 O-O-O 18. O-O-O Nf5 19. Nd2 Qd5 20. Rhe1 h5
21. f3 Bh6 22. Bf2 Qxb3 23. Nxb3 g4+ 24. Kc2 gxf3 25. gxf3 Rdg8 26. Rg1 Be3
27. Rxg8+ Rxg8 28. Be1 Rg2+ 29. Kd3 Bh6 30. Bd2 Rxh2 31. Rg1 b6 32. Bxh6 Nxh6
33. Nd2 Kd7 34. Rg7 Nf5 35. Rh7 Ke8 36. b4 Kf8 37. Rh8+ Kg7 38. Rc8 h4 39. Rxc7
Rxd2+ 40. Kxd2 h3 0-1

[Event "4th Lost Boys tournament, Group A"]
[Site "Antwerp"]
[Date "1997.08.03"]
[Round "3"]
[White "Meulders, Richard"]
[Black "Claesen, Pieter"]
[Result "0-1"]
[WhiteElo "2295"]
[BlackElo "2415"]
[WhiteTitle "FM"]
[BlackTitle "FM"]
[Source "http://www.lostcity.nl/chess/antwerp97/games.html"]
[Board "13"]

1. d4 Nf6 2. c4 c5 3. d5 b5 4. cxb5 a6 5. bxa6 g6 6. Nc3 Bxa6 7. Nf3 Bg7 8. Nd2
Qa5 9. g3 O-O 10. e4 Bxf1 11. Kxf1 e6 12. Kg2 Qb4 13. a3 Qb7 14. Qb3 Qxb3
15. Nxb3 c4 16. Nd2 Rc8 17. Nf3 Na6 18. Na4 Nxe4 19. dxe6 fxe6 20. Nb6 Nac5
21. Nxa8 Rb8 22. Nc7 Rc8 23. Na8 Rxa8 24. Re1 d5 25. Rb1 Nd3 26. Re2 Rb8 27. Rc2
Rb3 28. Be3 c3 29. Nd4 Rxb2 30. Rcxb2 cxb2 31. Ne2 d4 32. f3 Nc3 33. Rxb2 Nxb2
34. Nxd4 Nc4 35. Bg1 Bxd4 36. Bxd4 Nb5 37. Bc5 Nbxa3 38. f4 Nb5 39. g4 Kf7
40. Bf2 Nc3 41. h3 Nd5 42. Bg3 Nd2 43. Bh2 Kf6 44. Bg3 g5 45. fxg5+ Kxg5 46. Be1
Nf4+ 47. Kg3 Nf1+ 48. Kf2 Nxh3+ 49. Kxf1 Kxg4 50. Bc3 Kf3 51. Bb2 h5 52. Bf6 Nf2
53. Kg1 Ng4 54. Bh4 e5 55. Be1 e4 56. Bc3 e3 57. Kf1 h4 58. Be1 h3 59. Kg1 Ke2
60. Bg3 Kd1 0-1

[Event "4th Lost Boys tournament, Group A"]
[Site "Antwerp"]
[Date "1997.08.03"]
[Round "3"]
[White "Vaganian, Rafael Artemovich"]
[Black "Cools, Gorik"]
[Result "1-0"]
[WhiteElo "2640"]
[BlackElo "2300"]
[WhiteTitle "GM"]
[Source "365chess.com"]
[Board "16"]

1. Nf3 Nf6 2. c4 g6 3. Nc3 d5 4. cxd5 Nxd5 5. Qa4+ Bd7 6. Qh4 Bc6 7. Qd4 f6
8. e3 Nxc3 9. Qxc3 Bd5 10. h4 Nc6 11. h5 Rg8 12. hxg6 hxg6 13. b4 a6 14. b5 axb5
15. Bxb5 Qd7 16. Bc4 e5 17. Rb1 O-O-O 18. Rb5 Bxc4 19. Qxc4 Ne7 20. Qa4 Qc6
21. O-O Kb8 22. Qb3 Rh8 23. Bb2 Nc8 24. Rc1 Qa6 25. d4 c6 26. Rxb7+ Qxb7
27. dxe5 Qxb3 28. axb3 Kb7 29. exf6 Nd6 30. Ne5 Ne4 31. Nf7 Rd2 32. Nxh8 Rxb2
33. Nxg6 Bh6 34. f7 Rxf2 35. Rc4 Rxf7 36. Rxe4 Rd7 37. Kf2 Rd3 38. b4 Rb3 39. g4
Ka6 40. Ne7 Rb2+ 41. Kf3 Kb5 42. Nxc6 Kxc6 43. Re6+ Kd5 44. Rxh6 Rxb4 45. Rf6
Ke5 46. Rf4 Rb1 47. Rf5+ Ke6 48. Kf4 Rf1+ 49. Kg5 Re1 50. Rf3 1-0

[Event "4th Lost Boys tournament, Group A"]
[Site "Antwerp"]
[Date "1997.08.03"]
[Round "3"]
[White "Donk, Merlijn Silvester"]
[Black "Wells, Peter Kenneth"]
[Result "0-1"]
[WhiteElo "2310"]
[BlackElo "2530"]
[WhiteTitle "FM"]
[BlackTitle "GM"]
[Source "http://www.lostcity.nl/chess/antwerp97/games.html"]
[Board "17"]

1. d4 Nf6 2. Nf3 d5 3. Bg5 Ne4 4. Bh4 c5 5. e3 Qb6 6. Nbd2 Nxd2 7. Qxd2 Qxb2
8. Rd1 e6 9. Be2 c4 10. c3 Qxd2+ 11. Nxd2 Nd7 12. e4 Nb6 13. O-O Be7 14. Bg3 O-O
15. Rfe1 Re8 16. Bc7 Na4 17. exd5 exd5 18. Bf3 Nxc3 19. Rc1 Nb5 20. Be5 Bb4
21. Red1 Be6 22. Nxc4 dxc4 23. Bxb7 Rad8 24. Bc6 Bd7 25. Rxc4 Bxc6 0-1

[Event "4th Lost Boys tournament, Group A"]
[Site "Antwerp"]
[Date "1997.08.03"]
[Round "3"]
[White "Shirazi, Kamran"]
[Black "Claesen, Jeroen"]
[Result "1-0"]
[WhiteElo "2430"]
[BlackElo "2290"]
[WhiteTitle "IM"]
[BlackTitle "FM"]
[Source "365chess.com"]
[Board "19"]

1. e4 d6 2. d4 Nf6 3. Nc3 g6 4. h4 Bg7 5. Be2 c5 6. dxc5 Qa5 7. Kf1 Qxc5 8. h5
Nxh5 9. Bxh5 Bxc3 10. bxc3 gxh5 11. Qd4 e5 12. Qxc5 dxc5 13. Rxh5 f6 14. f4 Bg4
15. Rh6 Nd7 16. Nf3 O-O 17. f5 Nb6 18. Be3 Bxf3 19. gxf3 Rac8 20. Ke2 Nc4
21. Rg1+ Kh8 22. Bf2 Nd6 23. Rd1 Kg7 24. Rh5 Rfd8 25. Rdh1 Rh8 26. Rg1+ Kf7
27. Rd1 Ke7 28. Rdh1 b6 29. Rxh7+ Rxh7 30. Rxh7+ Nf7 31. f4 Kf8 32. fxe5 Kg8
33. Rh1 Nxe5 34. Bg3 Nc4 35. Rh6 Kg7 36. Bf4 Re8 37. Kf3 a5 38. Rh1 Re7 39. Bh6+
Kf7 40. Rg1 Ke8 41. Rg8+ Kf7 42. Rf8# 1-0

[Event "4th Lost Boys tournament, Group A"]
[Site "Antwerp"]
[Date "1997.08.03"]
[Round "3"]
[White "Timmer, Robert"]
[Black "Gershon, Alik"]
[Result "0-1"]
[WhiteElo "2305"]
[BlackElo "2420"]
[BlackTitle "IM"]
[Source "365chess.com"]
[Board "20"]

1. d4 Nf6 2. Nc3 d5 3. Bg5 c5 4. Bxf6 gxf6 5. e3 cxd4 6. exd4 h5 7. Be2 h4
8. Bf3 Be6 9. Nge2 Bh6 10. Nc1 Qd6 11. Nb3 Nd7 12. Qd3 a6 13. a4 b6 14. Ne2 f5
15. h3 Nf6 16. a5 b5 17. Nc5 Ne4 18. Nxe6 Qxe6 19. O-O Rc8 20. c3 Rg8 21. Nc1
Bf4 22. Qe2 Bb8 23. Nd3 Qd6 24. Ne5 Ng5 25. Bh5 Qh6 26. Kh1 Rh8 27. Bf3 Qd6
28. Bh5 Qh6 29. Bf3 Qd6 30. Bh5 Kf8 31. Rfe1 Kg7 32. g3 hxg3 33. Rg1 Qh6
34. Rxg3 Qxh5 35. Qe3 Qxh3+ 0-1

[Event "4th Lost Boys tournament, Group A"]
[Site "Antwerp"]
[Date "1997.08.03"]
[Round "3"]
[White "van Mil, Johan"]
[Black "de Jager, Jaap"]
[Result "1-0"]
[WhiteElo "2420"]
[BlackElo "2290"]
[WhiteTitle "IM"]
[Source "365chess.com"]
[Board "21"]

1. d4 d5 2. Nc3 e6 3. e4 Nf6 4. Bg5 Bb4 5. Ne2 dxe4 6. a3 Be7 7. Bxf6 Bxf6
8. Nxe4 O-O 9. Qd3 Nd7 10. O-O-O b6 11. g4 Bb7 12. Bg2 Qb8 13. h4 Be7 14. Ng5
Nf6 15. Bxb7 Qxb7 16. Nf4 Rfd8 17. Qe2 Qc6 18. Nd3 Nd7 19. f4 Bf6 20. Ne5 Nxe5
21. dxe5 Be7 22. Ne4 a5 23. h5 b5 24. Rxd8+ Rxd8 25. Rd1 Rxd1+ 26. Kxd1 b4
27. axb4 axb4 28. b3 Qb6 29. Qf2 Qa6 30. Kd2 Qb5 31. Qe2 Qb6 32. Qe3 c5 33. g5
Qc6 34. Qd3 Qb7 35. Ke2 Qc6 36. Kf2 Qb7 37. h6 g6 38. Ke3 Qa7 39. Qc4 Qa1
40. Qe2 Qc1+ 41. Kf3 Qh1+ 42. Kf2 Qh2+ 43. Ke3 Qh3+ 44. Qf3 Qxf3+ 45. Kxf3 Kf8
46. Nd6 Bxd6 47. exd6 Ke8 48. Ke4 Kd7 49. Ke5 Kc6 50. Kf6 Kxd6 51. Kg7 Ke7
52. Kxh7 Kf8 53. Kh8 1-0

[Event "4th Lost Boys tournament, Group A"]
[Site "Antwerp"]
[Date "1997.08.03"]
[Round "3"]
[White "Grooten, Herman"]
[Black "Quist, Johan"]
[Result "1/2-1/2"]
[WhiteElo "2390"]
[BlackElo "2285"]
[WhiteTitle "IM"]
[BlackTitle "FM"]
[Source "365chess.com"]
[Board "22"]

1. d4 d5 2. Nf3 e6 3. c4 c5 4. cxd5 exd5 5. g3 Nc6 6. Bg2 Nf6 7. O-O Be7
8. dxc5 Bxc5 9. Bg5 Be6 10. Nc3 d4 11. Bxf6 Qxf6 12. Ne4 Qe7 13. Nfg5 Bd5
14. Qc1 Bb6 15. Qf4 Rd8 16. Nd2 Bxg2 17. Kxg2 h6 18. Ngf3 O-O 19. Rfe1 Ba5
20. a3 Bxd2 21. Qxd2 Qe4 22. Rad1 Rfe8 23. Qd3 Qe6 24. Rd2 Re7 25. Kg1 Red7
26. Red1 a6 27. Qc2 Rd5 28. Rd3 g6 29. b4 Kh7 30. Qa2 R5d6 31. Qb2 Rd5 32. h4
Re8 33. e3 Qg4 34. exd4 Re4 35. Qb3 Qd7 36. Kg2 Kg7 37. Qc3 g5 38. hxg5 hxg5
39. Ne5 Nxe5 40. dxe5 Rxd3 41. Rxd3 Qe6 42. Re3 Rc4 43. Qd2 Qc6+ 44. Rf3 g4
45. Qg5+ Kf8 46. Qd8+ Kg7 47. Qf6+ Qxf6 48. Rxf6 Re4 49. Rb6 Rxe5 50. Rxb7 a5
51. b5 Rc5 52. b6 Rc3 53. Re7 Rb3 54. b7 Kf6 55. Re4 Rxb7 56. Rxg4 Rb3 57. Ra4
Rb5 58. Kf3 Kf5 59. Rf4+ Ke6 60. Re4+ Kf5 61. g4+ Kg6 62. Kf4 Rb3 63. Re3 Rb2
64. f3 Ra2 65. Rc3 a4 66. Ke4 Kg5 67. Kd5 Kf4 68. Kc5 Rb2 69. Rc4+ Kxf3 70. Rxa4
Rg2 71. Ra7 Rxg4 72. Rxf7+ Ke3 73. Rb7 Kd3 74. Rb3+ Kc2 75. Rb4 Rg5+ 76. Kc4
Rg4+ 77. Kb5 Rg5+ 78. Ka6 Kc3 79. Rb5 Rg6+ 80. Ka5 Rg8 81. Kb6 Rb8+ 82. Kc6 Ra8
83. Rh5 Rxa3 84. Rh3+ Kb2 85. Rxa3 Kxa3 1/2-1/2

[Event "4th Lost Boys tournament, Group A"]
[Site "Antwerp"]
[Date "1997.08.04"]
[Round "4"]
[White "Nijboer, Friso"]
[Black "Lobron, Eric"]
[Result "1-0"]
[WhiteElo "2605"]
[BlackElo "2540"]
[WhiteTitle "GM"]
[BlackTitle "GM"]
[Source "http://www.lostcity.nl/chess/antwerp97/games.html"]
[Board "2"]

1. e4 c6 2. d4 d5 3. e5 c5 4. dxc5 Nc6 5. Bb5 e6 6. Be3 Ne7 7. c3 Bd7 8. Bxc6
Nxc6 9. f4 g5 10. fxg5 Nxe5 11. Nf3 Nxf3+ 12. Qxf3 Bg7 13. O-O O-O 14. Nd2 Bb5
15. Rfe1 Bc6 16. Qg3 e5 17. Nf3 Re8 18. Bf2 Qb8 19. Re3 a5 20. Qh4 Qc8 21. Rae1
e4 22. Nd4 Bd7 23. R3e2 Ra6 24. Be3 Bf8 25. Rf2 Rg6 26. Rxf7 Kxf7 27. Qxh7+ Rg7
28. g6+ Kf6 29. Rf1+ Bf5 30. Rxf5+ Qxf5 31. Qh4+ Ke5 32. Nxf5 Kxf5 33. Qg5+ Ke6
34. Qg4+ 1-0

[Event "4th Lost Boys tournament, Group A"]
[Site "Antwerp"]
[Date "1997.08.04"]
[Round "4"]
[White "Claesen, Pieter"]
[Black "Ljubojević, Ljubomir"]
[Result "1/2-1/2"]
[WhiteElo "2415"]
[BlackElo "2565"]
[WhiteTitle "FM"]
[BlackTitle "GM"]
[Source "http://www.lostcity.nl/chess/antwerp97/games.html"]
[Board "5"]

1. c4 Nf6 2. Nc3 e5 3. Nf3 Nc6 4. d4 exd4 5. Nxd4 Bb4 6. g3 Ne4 7. Qd3 Nxd4
8. Qxd4 Nxc3 9. Bd2 O-O 10. Bxc3 Bxc3+ 11. Qxc3 Re8 12. Bg2 Rb8 13. e3 b5
14. cxb5 Rxb5 15. O-O Bb7 16. Bxb7 Rxb7 17. Rfd1 d6 18. Rac1 Re7 19. Rd4 Qb8
20. b3 Rb5 21. Rc4 c5 22. Rd1 Re6 23. Rd5 a5 24. Qd3 1/2-1/2

[Event "4th Lost Boys tournament, Group A"]
[Site "Antwerp"]
[Date "1997.08.04"]
[Round "4"]
[White "Shchekachev, Andrei"]
[Black "Wantiez, Fabrice"]
[Result "1-0"]
[WhiteElo "2510"]
[BlackElo "2105"]
[WhiteTitle "GM"]
[Source "http://www.lostcity.nl/chess/antwerp97/games.html"]
[Board "6"]

1. e4 e5 2. Nf3 Nc6 3. Bb5 a6 4. Ba4 Nf6 5. d3 d6 6. c3 g6 7. O-O Bg7 8. Re1 b5
9. Bc2 O-O 10. Bg5 h6 11. Bh4 Qe8 12. a4 Rb8 13. Nbd2 Nh5 14. Nf1 Nf4 15. Ne3 f5
16. d4 g5 17. Bg3 Nxg2 18. Kxg2 f4 19. Nf5 Be6 20. axb5 axb5 21. dxe5 Bxf5
22. exf5 Nxe5 23. Nd4 b4 24. Ra7 Qc8 25. Rxe5 dxe5 26. Nc6 Qe8 27. Rxc7 Bf6
28. Bb3+ Kh8 29. Nxb8 Qxb8 30. Qd7 1-0

[Event "4th Lost Boys tournament, Group A"]
[Site "Antwerp"]
[Date "1997.08.04"]
[Round "4"]
[White "Peker, Oleg"]
[Black "van den Doel, Erik"]
[Result "1/2-1/2"]
[WhiteElo "2370"]
[BlackElo "2440"]
[WhiteTitle "FM"]
[BlackTitle "IM"]
[Source "365chess.com"]
[Board "7"]

1. d4 Nf6 2. c4 g6 3. Nc3 Bg7 4. e4 d6 5. Be2 O-O 6. Nf3 e5 7. O-O Nc6 8. d5
Ne7 9. Nd2 a5 10. a3 Nd7 11. Rb1 f5 12. b4 Kh8 13. f3 Ng8 14. Qc2 Nh6 15. Nb5
Nf6 16. c5 axb4 17. axb4 Nh5 18. Nc4 Bd7 19. Nc3 Nf4 20. Be3 fxe4 21. fxe4 Qg5
22. Bf3 Ng4 23. Bxg4 Bxg4 24. Kh1 Qe7 25. Rf2 Rf6 26. Rbf1 Raf8 27. Qd2 h5
28. b5 dxc5 29. Na4 b6 30. d6 Qe6 31. Nxe5 Qxe5 32. Bxf4 Qxe4 33. Nc3 Qc4 34. h3
Rf5 35. hxg4 Bxc3 36. Be5+ Bxe5 37. Qh6+ Kg8 38. Qxg6+ Kh8 39. Qh6+ Kg8 40. Qg6+
Kh8 41. Qh6+ Kg8 42. Qg6+ 1/2-1/2

[Event "4th Lost Boys tournament, Group A"]
[Site "Antwerp"]
[Date "1997.08.04"]
[Round "4"]
[White "Ree, Hans"]
[Black "Van der Stricht, Geert"]
[Result "1-0"]
[WhiteElo "2435"]
[BlackElo "2270"]
[WhiteTitle "GM"]
[Source "365chess.com"]
[Board "8"]

1. c4 e6 2. g3 d5 3. Bg2 Nf6 4. Nf3 Be7 5. O-O O-O 6. b3 c5 7. Bb2 Nc6 8. e3
Re8 9. Qe2 Bf8 10. d4 cxd4 11. exd4 Ne4 12. Ne5 f5 13. Rd1 Bd7 14. Nc3 Nxe5
15. dxe5 Qc7 16. Qd3 Nc5 17. Qe2 dxc4 18. Qxc4 Bc6 19. Nb5 Bxb5 20. Qxb5 a6
21. Qe2 Rad8 22. Bd4 Qa5 23. Rac1 Rd7 24. Bxc5 Rxd1+ 25. Qxd1 Bxc5 26. Qd7 Kf8
27. Bxb7 Rd8 28. Qxe6 Bxf2+ 29. Kg2 Ba7 30. Qxf5+ Kg8 31. Qe6+ Kh8 32. Rc2 Qe1
33. Bf3 Qg1+ 34. Kh3 Qf1+ 35. Bg2 Qd1 36. Qf5 g6 37. Qf6+ Kg8 38. Bf3 Qf1+
39. Rg2 Qd3 40. Bg4 1-0

[Event "4th Lost Boys tournament, Group A"]
[Site "Antwerp"]
[Date "1997.08.04"]
[Round "4"]
[White "Eliet, Nicolas"]
[Black "Vaganian, Rafael Artemovich"]
[Result "0-1"]
[WhiteElo "2350"]
[BlackElo "2640"]
[WhiteTitle "FM"]
[BlackTitle "GM"]
[Source "365chess.com"]
[Board "9"]

1. e4 e6 2. d4 d5 3. Nd2 dxe4 4. Nxe4 Nd7 5. Nf3 Ngf6 6. Nxf6+ Nxf6 7. Bd3 b6
8. O-O Bb7 9. c3 Be7 10. Qe2 O-O 11. Bg5 Qd5 12. Rfe1 h6 13. Bxf6 Bxf6 14. a4
Rfd8 15. Qc2 Qd6 16. Bh7+ Kf8 17. Be4 Bxe4 18. Rxe4 c5 19. Rae1 Rac8 20. Qe2 Qd5
21. Qa6 Qa8 22. dxc5 Rxc5 23. h3 Qc6 24. Qe2 Qd5 25. Qc2 Qa2 26. Qb1 Qxb1
27. Rxb1 b5 28. Ra1 a5 29. axb5 Rxb5 30. Ra2 Rdb8 31. Re2 Ke7 32. Kf1 g6 33. Ke1
Bg7 34. Kd1 f5 35. Kc2 a4 36. Re1 g5 37. Re2 Bf6 38. g4 Kf7 39. Nd2 R8b6 40. Nc4
Ra6 41. Re1 Rc5 42. Na3 Kg6 43. Raa1 Rb6 44. Nb1 Rc4 45. Nd2 Rf4 46. f3 h5
47. Rg1 Rc6 48. Kd3 Be7 49. Rg2 Rd6+ 50. Kc2 Rb6 51. Re1 Bf6 52. Ra1 Rc6 53. Kd3
Rc8 54. Rgg1 Rd8+ 55. Kc2 fxg4 56. hxg4 h4 57. Rae1 Re8 58. Kd3 Bd8 59. Re4 Bc7
60. Rh1 Rd8+ 61. Kc2 Rxe4 62. Nxe4 Rf8 63. Nd2 Rh8 64. Rh3 Bg3 65. Kd3 Rb8
66. Nc4 Bf4 67. Rh1 Rh8 68. Rh3 Rd8+ 69. Kc2 e5 70. Rh1 Kf6 71. Ra1 h3 72. Rxa4
h2 73. Ra1 e4 74. fxe4 Rh8 75. Rh1 Rh4 76. Nb6 Ke5 0-1

[Event "4th Lost Boys tournament, Group A"]
[Site "Antwerp"]
[Date "1997.08.04"]
[Round "4"]
[White "Wells, Peter Kenneth"]
[Black "Bartels, Hans"]
[Result "1-0"]
[WhiteElo "2530"]
[BlackElo "2325"]
[WhiteTitle "GM"]
[BlackTitle "FM"]
[Source "365chess.com"]
[Board "10"]

1. e4 c6 2. d4 d5 3. e5 Bf5 4. Nf3 e6 5. a3 Nd7 6. Nbd2 Ne7 7. Nh4 Bg6 8. c3 c5
9. g3 Nc6 10. Nxg6 hxg6 11. Nf3 Be7 12. h4 a6 13. Be3 b5 14. Bd3 Qb6 15. Kf1 c4
16. Bc2 O-O-O 17. Kg2 Kb7 18. Nd2 Rdf8 19. Qg4 Qd8 20. b3 cxb3 21. Bxb3 Nb6
22. a4 b4 23. a5 bxc3 24. Ne4 Nc4 25. Bxc4 dxc4 26. Rhb1+ Bb4 27. Nd6+ Kc7
28. Qf3 Qa8 29. Nxc4 Rd8 30. d5 Rxd5 31. Nb6 Qd8 32. Qxf7+ Rd7 33. Qxe6 Re8
34. Qc4 Rxe5 35. Bf4 Qf6 36. Rxb4 Rd4 37. Nd5+ Rxd5 38. Qxd5 Qxf4 1-0

[Event "4th Lost Boys tournament, Group A"]
[Site "Antwerp"]
[Date "1997.08.04"]
[Round "4"]
[White "Vedder, Henk"]
[Black "Barua, Dibyendu"]
[Result "1/2-1/2"]
[WhiteElo "2350"]
[BlackElo "2515"]
[BlackTitle "GM"]
[Source "365chess.com"]
[Board "11"]

1. e4 e5 2. Nf3 Nf6 3. Nxe5 d6 4. Nf3 Nxe4 5. c4 Be7 6. Nc3 Nf6 7. d4 d5
8. cxd5 Nxd5 9. Qb3 Nb6 10. Bd3 Be6 11. Qc2 Nc6 12. Be3 Nb4 13. Qe2 Nxd3+
14. Qxd3 O-O 15. Qe4 c6 16. O-O h6 17. Ne5 f5 18. Qc2 f4 19. Bd2 Bf5 20. Qb3+
Kh7 21. Bxf4 Qxd4 22. Bg3 Qb4 23. Qxb4 Bxb4 24. Rad1 Rad8 25. Rxd8 Rxd8 26. Rd1
Rxd1+ 27. Nxd1 Nd5 28. Nc4 Bd3 29. Nde3 Bc5 30. Be5 b5 31. Nxd5 Bxc4 32. Nc3 Bd3
33. a3 a5 34. g3 g5 35. Nd1 Kg6 36. Ne3 h5 37. h3 Kf7 38. Kg2 Ke6 39. Bg7 Be2
40. g4 hxg4 41. hxg4 Bd6 42. Nf5 Bc5 43. Nd4+ Kf7 44. Nxe2 Kxg7 45. f4 gxf4
46. Kf3 a4 47. Kxf4 Kf6 48. Ke4 b4 1/2-1/2